| 000 | 00553nam a2200193 i 4500 | ||
|---|---|---|---|
| 001 | 150504 | ||
| 003 | ES-MaACL | ||
| 005 | 20231223063104.0 | ||
| 007 | t| | ||
| 008 | 071031s1966 sp ||||1| spa d | ||
| 080 | _a86-821"18" | ||
| 100 | 1 |
_aValera, Juan, _d1824-1905 _9112638 |
|
| 245 | 1 | 0 |
_aArtículos de El Contemporáneo / _cedición de Cyrus C. DeCoster. |
| 260 |
_aMadrid : _bCastalia, _c1966. |
||
| 300 |
_a378 p. ; _c24 cm. |
||
| 700 | 1 |
_aDeCoster, Cyrus Cole ( _d1914-1999) _9176198 |
|
| 852 | 4 |
_aES-MaACL _jC-31543 |
|
| 999 |
_c150504 _d150504 |
||